000 00571nam a22001937a 4500
999 _c5833
_d5833
003 AR-CdUCM
008 190313b ||||| |||| 00| 0 spa d
040 _aMUNICIPALIDAD PROVINCIAL DEL CUSCO
_cBIBLIOTECA MUNICIPAL DEL CUSCO
082 _a869.7 /
_bC23
100 _aCalvimones y C. , Jorge
_917273
245 _aLa Fogata de San Juan /
260 _aBolivia :
_bUniversitaria ;
_c1970.
300 _a13 páginas ;
_c16cm
500 _aDonación de la familia Nieto
505 _aContenido: Poesía
650 _aPoesía
_9444
942 _2ddc
_cLIBROS
945 _anom